000 00641nam a2200229Ia 4500
003 OSt
005 20221007074201.0
006 a|||||r|||| 00| 0
007 ta
008 221006b |||||||| |||| 00| 0 eng d
024 _a27,575
037 _cTextual
040 _aFLL
_cFLL
_beng
041 _2eng
_aeng
082 _aZ53,1238, G6
100 _aBrinton Crane
245 0 _aFrench revolutionary legislation on illegitimacy
260 _aMassachusetts
_bHarvard University Press Massachusetts
_c1936
300 _axii,102p
_ccm.
942 _hZ53,1238, G6
_cTEXL
_2CC
999 _c1151461
_d1151461